| 000 | 00728 a2200241 4500 | ||
|---|---|---|---|
| 001 | 21868 | ||
| 999 |
_c21868 _d7324 |
||
| 003 | TR-AnTOB | ||
| 005 | 20230606001021.0 | ||
| 008 | 041102s1998 tu tur | ||
| 020 | _a9751609682 | ||
| 035 | _a21868 | ||
| 041 | _atur | ||
| 050 |
_aDR589 _b.G86 1998 |
||
| 090 | _aDR589 .G86 1998 | ||
| 100 |
_aGüner, Zekai _915097 |
||
| 245 | 0 |
_aTrakya-Paşaali Müdafaa-i Hukuk cemiyeti'nin kuruluşu ve faaliyetleri: (1 Aralık 1918 - 13 Mayıs 1920) / _cZekai Güner. |
|
| 264 | 1 |
_aAnkara : _bAtatürk Araştırma Merkezi, _c1998 |
|
| 300 |
_ax, 214 : _bill., maps ; _c24 cm. |
||
| 500 | _aBibliography: s. 207-214. | ||
| 651 | 0 |
_aTürkiye _xTarih _yKurtuluş Savaşı, 1918-1923 _910811 |
|
| 902 | _a0003324 | ||
| 942 | _cBK | ||